000 00403nam a22001457a 4500
005 20200614153714.0
008 200614b xxu||||| |||| 00| 0 eng d
082 _a345.4 AIR
110 _aALL INDIA REPORTER,
_96128
245 _aALL INDIA REPORTER, [1970] [VOL-57] MADHYA PRADESH SECTION
260 _aMUMBAI
_bALL INDIA REPORTER, PVT. LTD.
300 _a96;p
650 _aLAW
_95701
942 _cJRL
999 _c7179
_d7177